| 000 | 00416nam a2200145 4500 | ||
|---|---|---|---|
| 003 | OSt | ||
| 082 |
_a631.3 _bKUM/TR |
||
| 088 | _aT 629 | ||
| 100 |
_aKumar, Amit _96323 |
||
| 245 | _aTractor operated pneumatic No-Till Pulse Planter with electronic control system / | ||
| 260 |
_aTavanur : _bDepartment of Farm Machinery and Power Engineering, _c2024. |
||
| 300 | _a268p. | ||
| 700 | _aJayan P R (Guide) | ||
| 942 | _cTH | ||
| 999 |
_c18141 _d18141 |
||